000 00324nam a2200133Ia 4500
003 GCL
008 140319s9999 xx 000 0 ara d
040 _aGCL /
_cGCL
082 0 4 _aط
_b507
_bد ك
245 1 0 _aالبحر
260 _a[S.N] :
_bدار المعارف ،
_c1992
300 _a118
490 _aكل شىء عن
_v0
999 _c58057
_d58057